000 00710 a2200217 4500
003 IN-BaIIA
005 20250902114158.0
008 250902b |||||||| |||| 00| 0 eng d
040 _cIIA Library
100 _aMallick, Anohita
_949273
245 _aStudy of lithium and other related elements among evolved stars
_cAnohita Mallick
_h[Thesis]
260 _aBangalore
_bIndian Institute of Astrophysics
_c2025
300 _axv, 183p.
502 _bDoctor of Philosophy
_cPondicherry University, Puducherry
_d2025
650 _aStars
650 _aLithium
_923812
650 _aStellar evolution
700 _aB. Eswar Reddy
_eSupervisor
_948915
856 _yClick Here to Access eThesis
942 _2udc
_cTD
999 _c36111
_d36111